তরুনী-সঙ্ঘ / (Record no. 54512)
[ view plain ]
| 000 -LEADER | |
|---|---|
| fixed length control field | 00809nam a2200217 a 4500 |
| 001 - CONTROL NUMBER | |
| control field | 54512 |
| 003 - CONTROL NUMBER IDENTIFIER | |
| rucl marc code | BD-RjUL |
| 005 - DATE AND TIME OF LATEST TRANSACTION | |
| control field | 20211209080130.0 |
| 008 - FIXED-LENGTH DATA ELEMENTS--GENERAL INFORMATION | |
| fixed length control field | 161107s1953 ii ||||| |||| 00| f ben d |
| 035 ## - SYSTEM CONTROL NUMBER | |
| System control number | (BD-RjUL)54634 |
| 040 ## - CATALOGING SOURCE | |
| Original cataloging agency | BD-RjUL |
| Language of cataloging | ben |
| Transcribing agency | BD-RjUL |
| 041 ## - LANGUAGE CODE | |
| Language code of text/sound track or separate title | ben |
| 082 ## - DEWEY DECIMAL CLASSIFICATION NUMBER | |
| Edition number | 23 |
| Classification number | 891.443 |
| Author mark and year | SAT 1953 |
| 100 ## - MAIN ENTRY--PERSONAL NAME | |
| Personal name | সাল্যাল, প্রবোধ কুমার |
| 9 (RLIN) | 162620 |
| 245 10 - TITLE STATEMENT | |
| Title | তরুনী-সঙ্ঘ / |
| Statement of responsibility, etc. | প্রবোধ কুমার সাল্যাল |
| 260 ## - PUBLICATION, DISTRIBUTION, ETC. (IMPRINT) | |
| Place of publication, distribution, etc. | কলিকাতা : |
| Name of publisher, distributor, etc. | গুরুদাস চট্টোপাধ্যায়, |
| Date of publication, distribution, etc. | ১৯৫৩ [১৩৬০] |
| 300 ## - PHYSICAL DESCRIPTION | |
| Pagination | ১২৪ পৃ. ; |
| Size | ১৮ সেমি. |
| 650 ## - SUBJECT ADDED ENTRY--TOPICAL TERM | |
| Topical term or geographic name as entry element | বাংলা উপন্যাস |
| 9 (RLIN) | 162621 |
| Topical term or geographic name as entry element | Bengali Fiction |
| 9 (RLIN) | 162622 |
| 942 ## - ADDED ENTRY ELEMENTS (KOHA) | |
| Source of classification or shelving scheme | Dewey Decimal Classification |
| Koha item type | Books |
| Lost status | Source of classification or shelving scheme | Damaged status | Not for loan | Collection code | Permanent Location | Current Location | Shelving location | Date acquired | Cost, normal purchase price | Total Checkouts | Full call number | Date last seen | Copy number | Koha item type |
|---|---|---|---|---|---|---|---|---|---|---|---|---|---|---|
| Dewey Decimal Classification | Fiction | Central Library, University of Rajshahi | Central Library, University of Rajshahi | 19/09/1957 | 2.00 | B 891.443 SAT 1953 | 07/11/2016 | C-2 | Books |